000 00527nam a2200181Ia 4500
001 8906
005 20260306160644.0
008 260306t2015||||xx |||||||||||||| ||spa||
041 _aESP
082 _a371.9046
_bE377
100 _aEssomba, Miguel Ángel
_eAUT
245 0 _aLiderar escuelas interculturales e inclusivas:
_bequipos directivos y profesorado ante la diversidad cultural y la inmigración
260 _c2015
300 _a169 páginas :
_c23 cm.
650 _aGEN
654 _aCED
942 _cLIB
_dJUS
_fJUS
_2ddc
_n
999 _c8906
_d8906